Statistiques concernant Quiz PSG

Cliquez ici pour prendre le quiz!

Statistiques générales

  • Ce quiz a été pris 535 fois
  • Le résultat moyen est 7 sur 10

Statistiques - réponses

QuestionRéponse% Correct
Qui ne fait pas partie de l'attaque de Paris en 2020 ?Thiago Silva
96%
Qui est l’entraîneur du PSG ?Christophe Galtier
92%
En quelle année le Paris Saint-Germain a-t-il été créé ?1970
84%
Combien de titres de champion de France a remporté le PSG ?10
81%
Qui est le meilleur buteur du PSG ?Cavani
71%
Qui n'a pas était un sponsor du PSG ?Caisse d'Epargne
66%
Dans la saison 2019-2020, quel joueur du PSG a joué le plus de temps ?Marquinhos
52%
Quel est le record de points sur une saison du PSG en Ligue 1 ?96
48%
Combien de places possède le Parc des Princes ?48 583 places
45%
Parmi ces maillots, lequel est celui du PSG entre 1992 et 1993 ?
27%

Distribution des résultats

Percentile par nombre de réponses

% des personnes avec chaque résultat

Votre développement - résultats

Vous n’avez pas pris ce quiz